| 000 | 00000nam 2200000zi 4500 |
| 001 | 9.943762 |
| 003 | CaOODSP |
| 005 | 20250123084523 |
| 006 | m o d f |
| 007 | cr cn||||||||| |
| 008 | 241003e20240808qucd ob f000 0 fre d |
| 020 | |a9780660738925 |q(rapport) |
| 020 | |a9780660738932 |q(sommaire) |
| 040 | |aCaOODSP|bfre|erda|cCaOODSP |
| 043 | |an-cn--- |
| 086 | 1 |aCH7-62/2024F-PDF |
| 086 | 1 |aCH7-62/2024-1F-PDF |
| 245 | 00|aÉvaluation du Fonds de la musique du Canada, 2018-2019 à 2022-2023. |
| 264 | 1|a[Gatineau, Québec] : |bPatrimoine canadien = Canadian Heritage, |c8 août 2024. |
| 264 | 4|c©2024 |
| 300 | |a1 ressource en ligne (vi, 42 pages) : |bgraphiques en couleur + |esommaire (2 pages non numérotées) |
| 336 | |atexte|btxt|2rdacontent/fre |
| 337 | |ainformatique|bc|2rdamedia/fre |
| 338 | |aressource en ligne|bcr|2rdacarrier/fre |
| 500 | |aPublié aussi en anglais sous le titre : Evaluation of the Canada Music Fund 2018-19 to 2022-23. |
| 504 | |aComprend des références bibliographiques (page 42). |
| 610 | 26|aFonds de la musique du Canada|xÉvaluation. |
| 650 | 6|aAide de l'État à la musique|zCanada|xÉvaluation. |
| 710 | 1 |aCanada. |bPatrimoine canadien. |bServices d'évaluation, |eorganisme de publication. |
| 775 | 08|tEvaluation of the Canada Music Fund, 2018-19 to 2022-23.|w(CaOODSP)9.943756 |
| 856 | 40|qPDF|s1.33 Mo|uhttps://publications.gc.ca/collections/collection_2025/pch/CH7-62-2024-fra.pdf|zRapport |
| 856 | 40|qPDF|s2.20 Mo|uhttps://publications.gc.ca/collections/collection_2025/pch/CH7-62-2024-1-fra.pdf|zSommaire |
| 856 | 4 |qHTML|sS.O.|uhttps://www.canada.ca/fr/patrimoine-canadien/organisation/publications/evaluations/fonds-musique-canada-2018-2023.html|zRapport |
| 856 | 4 |qHTML|sS.O.|uhttps://www.canada.ca/fr/patrimoine-canadien/organisation/publications/evaluations/fonds-musique-canada-2018-2023/sommaire.html|zSommaire |